[Event "CHN-chT 6th"]
[Site "China"]
[Date "2010.11.02"]
[Round "16"]
[White "Wu, Shaobin"]
[Black "Lu, Yijie"]
[Result "0-1"]
[WhiteElo "2453"]
[BlackElo "2349"]
[PlyCount "126"]
[EventDate "2010.04.16"]
[EventType "team-tourn"]
[EventRounds "18"]
[EventCountry "CHN"]
[SourceTitle "EXT 2011"]
[Source "ChessBase"]
[SourceDate "2010.11.26"]
[SourceVersion "1"]
[SourceVersionDate "2010.11.26"]
[SourceQuality "1"]

1. d4 Nf6 2. c4 g6 3. Nf3 Bg7 4. g3 0-0 5. Bg2 d6 6. Nc3 Nc6 7. 0-0 Rb8 8. h3 a6 9. e4 b5 10. e5 dxe5 11. dxe5 Qxd1 12. Rxd1 Nd7 13. cxb5 axb5 14. Be3 b4 15. Nd5 e6 16. Nxc7 Ncxe5 17. Nd4 Bb7 18. Rac1 Nb6 19. b3 Rfc8 20. Bxb7 Rxb7 21. Ndb5 Bf8 22. f4 Ned7 23. Kf2 Nf6 24. Bd4 Ne8 25. Nxe8 Rxe8 26. Be5 Ra8 27. Rd2 f6 28. Ba1 Nd5 29. Nd4 Kf7 30. Ne2 Be7 31. Kf3 h5 32. Bd4 Rd7 33. Rcc2 Rad8 34. Ba1 g5 35. fxg5 fxg5 36. Be5 g4+ 37. hxg4 hxg4+ 38. Kf2 Bg5 39. Nf4 Bxf4 40. Bxf4 Kg6 41. Re2 Nxf4 42. gxf4 Kf5 43. Re5+ Kxf4 44. Rxe6 Rd2+ 45. Re2 g3+ 46. Kg2 Rxe2+ 47. Rxe2 Rh8 48. Kg1 Rh2 49. Re8 Rxa2 50. Rf8+ Ke3 51. Rg8 Kd3 52. Rxg3+ Kc2 53. Kf1 Rb2 54. Ke2 Rxb3 55. Rg4 Rb1 56. Rc4+ Kb3 57. Rc8 Kb2 58. Kd2 b3 59. Rb8 Rh1 60. Rb7 Rh4 61. Rd7 Rh2+ 62. Kd1 Ka1 63. Ra7+ Ra2 0-1

[Event "Asia-chT 16th Tata Steel"]
[Site "Kolkata"]
[Date "2009.12.28"]
[Round "7"]
[White "Rahman, Ziaur"]
[Black "Wu, Shaobin"]
[Result "1/2-1/2"]
[WhiteElo "2545"]
[BlackElo "2454"]
[PlyCount "89"]
[EventDate "2009.12.22"]
[EventType "team-swiss"]
[EventRounds "7"]
[EventCountry "IND"]
[SourceTitle "EXT 2020"]
[Source "ChessBase"]
[SourceDate "2019.10.17"]
[SourceVersion "1"]
[SourceVersionDate "2019.10.17"]
[SourceQuality "1"]
[WhiteTeam "Bangladesh"]
[BlackTeam "Singapore"]
[WhiteTeamCountry "BAN"]
[BlackTeamCountry "SIN"]

1. e4 c5 2. Nc3 d6 3. g3 Nc6 4. Bg2 g6 5. d3 Bg7 6. Nge2 e5 7. h4 h6 8. Nd5 Nge7 9. Nec3 Nxd5 10. Nxd5 Ne7 11. Ne3 Be6 12. Bd2 Qd7 13. h5 g5 14. Qe2 0-0 15. g4 b5 16. a3 a5 17. 0-0 a4 18. Rad1 Rab8 19. c3 Bb3 20. Rc1 Rfd8 21. c4 Nc6 22. Qe1 bxc4 23. dxc4 Nd4 24. f3 Rb7 25. Rf2 Rdb8 26. Bc3 Bf8 27. Bf1 Ne6 28. Kh2 Qc6 29. Be2 Nf4 30. Qf1 Qa6 31. Bd1 Ne6 32. Bxb3 Rxb3 33. Rd1 f6 34. Nd5 Kf7 35. Ne3 R8b7 36. Rd5 Nf4 37. Qd1 R3b6 38. Rfd2 Rc6 39. Qf1 Rbb6 40. Rd1 Rb7 41. R5d2 Ne6 42. Nd5 Rc8 43. Rf2 Rcb8 44. Qd3 Qc6 45. Rfd2 1/2-1/2

[Event "WMSG Rapid Team 1st"]
[Site "Beijing"]
[Date "2008.10.16"]
[Round "9"]
[White "Wu, Shaobin"]
[Black "Erdos, Viktor"]
[Result "1/2-1/2"]
[WhiteElo "2455"]
[BlackElo "2577"]
[PlyCount "28"]
[EventDate "2008.10.14"]
[EventType "team (rapid)"]
[EventRounds "9"]
[EventCountry "CHN"]
[SourceTitle "CBM 126 Extra"]
[Source "ChessBase"]
[SourceDate "2008.11.05"]
[SourceVersion "1"]
[SourceVersionDate "2008.11.05"]
[SourceQuality "1"]

1. d4 d5 2. c4 e6 3. Nc3 c6 4. e3 Nf6 5. Nf3 a6 6. Bd2 c5 7. a3 dxc4 8. Bxc4 b5 9. Be2 Bb7 10. 0-0 Nc6 11. Rc1 cxd4 12. exd4 Be7 13. Be3 0-0 14. Ne5 Nxe5 1/2-1/2

[Event "WMSG Rapid Team 1st"]
[Site "Beijing"]
[Date "2008.10.15"]
[Round "6"]
[White "Ahmed, Ali Layth Ahmed"]
[Black "Wu, Shaobin"]
[Result "0-1"]
[WhiteElo "2283"]
[BlackElo "2455"]
[PlyCount "98"]
[EventDate "2008.10.14"]
[EventType "team (rapid)"]
[EventRounds "9"]
[EventCountry "CHN"]
[SourceTitle "CBM 126 Extra"]
[Source "ChessBase"]
[SourceDate "2008.11.05"]
[SourceVersion "1"]
[SourceVersionDate "2008.11.05"]
[SourceQuality "1"]

1. d4 Nf6 2. Nf3 d5 3. c4 e6 4. Nc3 c6 5. cxd5 exd5 6. Bg5 Be7 7. Qc2 Nbd7 8. e3 0-0 9. Bd3 Re8 10. 0-0 Nf8 11. Rab1 a5 12. a3 Ng6 13. b4 Bd6 14. Ne2 h6 15. Bf4 Nxf4 16. exf4 Bg4 17. Ne5 Bxe2 18. Qxe2 axb4 19. axb4 Qb6 20. Qd2 Ra4 21. b5 c5 22. dxc5 Bxc5 23. g3 Rea8 24. Kg2 Bd4 25. Rfd1 Ra2 26. Bh7+ Kxh7 27. Qxd4 Qxd4 28. Rxd4 Rc8 29. f5 Ne4 30. Rf1 Rcc2 31. Rxd5 Nxf2 32. Kf3 Rc3+ 33. Kg2 Ng4+ 34. Kh3 Ne3 35. Rfd1 Rcc2 36. Nf3 Nxd1 37. Rxd1 Rf2 38. Kg4 Ra4+ 39. Nd4 Rxh2 40. Kf3 Rb2 41. Rd3 Rbb4 42. Ne2 Rxb5 43. g4 h5 44. gxh5 Rxf5+ 45. Kg3 Rxh5 46. Rd7 Rb5 47. Rxf7 Rb3+ 48. Kf2 Ra2 49. Re7 Rbb2 0-1

[Event "WMSG Rapid Team 1st"]
[Site "Beijing"]
[Date "2008.10.15"]
[Round "4"]
[White "Dao, Thien Hai"]
[Black "Wu, Shaobin"]
[Result "1-0"]
[WhiteElo "2510"]
[BlackElo "2455"]
[PlyCount "130"]
[EventDate "2008.10.14"]
[EventType "team (rapid)"]
[EventRounds "9"]
[EventCountry "CHN"]
[SourceTitle "CBM 126 Extra"]
[Source "ChessBase"]
[SourceDate "2008.11.05"]
[SourceVersion "1"]
[SourceVersionDate "2008.11.05"]
[SourceQuality "1"]

1. d4 Nf6 2. c4 e6 3. Nf3 b6 4. a3 Bb7 5. Nc3 d5 6. Bg5 Be7 7. Qa4+ c6 8. Bxf6 Bxf6 9. cxd5 exd5 10. g3 0-0 11. Bg2 Nd7 12. 0-0 Re8 13. Rfd1 g6 14. Rac1 Bg7 15. e3 Nf8 16. Qc2 Qe7 17. b4 a6 18. Qb3 Nd7 19. a4 b5 20. a5 Qd6 21. Ne1 Re7 22. e4 dxe4 23. Nxe4 Qe6 24. Qxe6 Rxe6 25. d5 cxd5 26. Rc7 Rb8 27. Ng5 Rd6 28. Nd3 h6 29. Nxf7 Kxf7 30. Nc5 Bc6 31. Rxc6 Rxc6 32. Nxd7 Rcc8 33. Bxd5+ Ke7 34. Nxb8 Rxb8 35. Re1+ Kd6 36. Bb3 Rf8 37. Re6+ Kd7 38. Rxg6 Bd4 39. Rxa6 Rxf2 40. Kh1 Rb2 41. Bd5 Rxb4 42. Rxh6 Rb1+ 43. Kg2 b4 44. a6 Ra1 45. h4 Ra3 46. Re6 b3 47. Re4 Bc5 48. Re2 Kd6 49. Bg8 Bd4 50. Rd2 Kc5 51. Bxb3 Rxb3 52. Ra2 Rb8 53. g4 Kd5 54. g5 Rg8 55. Kf3 Ke5 56. Kg4 Ba7 57. h5 Be3 58. g6 Bh6 59. Re2+ Kf6 60. Rf2+ Ke6 61. Rf7 Rb8 62. Rh7 Rb4+ 63. Kf3 Bd2 64. Rb7 Bh6 65. Rxb4 Kd5 1-0

[Event "WMSG Rapid Team 1st"]
[Site "Beijing"]
[Date "2008.10.14"]
[Round "2"]
[White "Lovik, Lasse Ostebo"]
[Black "Wu, Shaobin"]
[Result "0-1"]
[WhiteElo "2167"]
[BlackElo "2455"]
[PlyCount "70"]
[EventDate "2008.10.14"]
[EventType "team (rapid)"]
[EventRounds "9"]
[EventCountry "CHN"]
[SourceTitle "CBM 126 Extra"]
[Source "ChessBase"]
[SourceDate "2008.11.05"]
[SourceVersion "1"]
[SourceVersionDate "2008.11.05"]
[SourceQuality "1"]

1. e4 c5 2. Nf3 d6 3. d4 cxd4 4. Nxd4 Nf6 5. Nc3 e6 6. Bg5 h6 7. Bh4 Nc6 8. Ndb5 a6 9. Bxf6 gxf6 10. Nd4 Bd7 11. g3 Rc8 12. Bg2 h5 13. h4 Qb6 14. Nb3 Ne5 15. Rb1 Qc7 16. 0-0 b5 17. a3 Be7 18. Nd4 Bd8 19. Nce2 Ng4 20. Nf4 Qc5 21. Rc1 Bb6 22. c3 Ke7 23. Rc2 Rcg8 24. Rd2 Ne5 25. Nd3 Qc7 26. Nb4 a5 27. Nf5+ Kf8 28. Na6 Qa7 29. Rxd6 exf5 30. Rxf6 Rg6 31. Qd6+ Kg7 32. Rxg6+ Nxg6 33. Bh3 Rd8 34. Qd5 Be8 35. Qb3 fxe4 0-1

[Event "WMSG Rapid Team 1st"]
[Site "Beijing"]
[Date "2008.10.14"]
[Round "1"]
[White "Wu, Shaobin"]
[Black "Ni, Hua"]
[Result "0-1"]
[WhiteElo "2455"]
[BlackElo "2710"]
[PlyCount "56"]
[EventDate "2008.10.14"]
[EventType "team (rapid)"]
[EventRounds "9"]
[EventCountry "CHN"]
[SourceTitle "CBM 126 Extra"]
[Source "ChessBase"]
[SourceDate "2008.11.05"]
[SourceVersion "1"]
[SourceVersionDate "2008.11.05"]
[SourceQuality "1"]

1. d4 d5 2. c4 c6 3. Nf3 Nf6 4. Nc3 dxc4 5. a4 Bf5 6. Ne5 Nbd7 7. Nxc4 Qc7 8. g3 e5 9. dxe5 Nxe5 10. Bf4 Nfd7 11. Bg2 g5 12. Ne3 gxf4 13. Nxf5 0-0-0 14. Qc2 Ng6 15. 0-0 Kb8 16. Rac1 fxg3 17. hxg3 h5 18. Qe4 h4 19. gxh4 Nf6 20. Qf3 Bc5 21. Ne4 Nxh4 22. Nxh4 Rxh4 23. Ng3 Rf4 24. Qb3 Bxf2+ 25. Rxf2 Rxf2 26. Kxf2 Qf4+ 27. Bf3 Qxc1 28. Qxf7 Qxb2 0-1

[Event "WMSG Blitz Team 1st"]
[Site "Beijing"]
[Date "2008.10.13"]
[Round "7"]
[White "Mekhitarian, Krikor Sevag"]
[Black "Wu, Shaobin"]
[Result "0-1"]
[WhiteElo "2511"]
[BlackElo "2455"]
[PlyCount "108"]
[EventDate "2008.10.13"]
[EventType "tourn (blitz)"]
[EventRounds "11"]
[EventCountry "CHN"]
[SourceTitle "CBM 126 Extra"]
[Source "ChessBase"]
[SourceDate "2008.11.05"]
[SourceVersion "1"]
[SourceVersionDate "2008.11.05"]
[SourceQuality "1"]

1. e4 e5 2. Nf3 Nc6 3. Bc4 Bc5 4. c3 Nf6 5. d3 d6 6. Bb3 a6 7. 0-0 Ba7 8. Nbd2 0-0 9. h3 h6 10. Re1 Be6 11. Bc2 Ne7 12. d4 Ng6 13. Nf1 c6 14. Ng3 Re8 15. Nf5 Qc7 16. dxe5 dxe5 17. N3h4 Nxh4 18. Nxh4 Nh7 19. Qf3 Rad8 20. Nf5 Bxf5 21. Qxf5 Re6 22. Qg4 Rg6 23. Qh4 Nf8 24. Be3 Bxe3 25. Rxe3 Rd2 26. Bb3 Rf6 27. Rf1 Ng6 28. Qg4 Nf4 29. Kh2 Rg6 30. Qf5 Rxg2+ 31. Kh1 g6 32. Qf6 Nh5 33. Qh4 Rg5 34. Rf3 Rd7 35. Rg1 Rxg1+ 36. Kxg1 Kg7 37. Qg4 Qd6 38. Kh2 Re7 39. Qh4 Nf4 40. Rg3 g5 41. Qg4 f6 42. h4 Qd7 43. hxg5 hxg5 44. Kg1 Qxg4 45. Rxg4 Rd7 46. Rg3 Ne2+ 47. Kg2 Nxg3 48. Kxg3 Rd2 49. Kf3 Rxb2 50. Ke3 c5 51. Bd5 b5 52. f3 c4 53. a4 bxa4 54. Bxc4 a3 0-1

[Event "WMSG Blitz Team 1st"]
[Site "Beijing"]
[Date "2008.10.13"]
[Round "8"]
[White "Wu, Shaobin"]
[Black "Bagheri, Amir"]
[Result "0-1"]
[WhiteElo "2455"]
[BlackElo "2490"]
[PlyCount "110"]
[EventDate "2008.10.13"]
[EventType "tourn (blitz)"]
[EventRounds "11"]
[EventCountry "CHN"]
[SourceTitle "CBM 126 Extra"]
[Source "ChessBase"]
[SourceDate "2008.11.05"]
[SourceVersion "1"]
[SourceVersionDate "2008.11.05"]
[SourceQuality "1"]

1. d4 Nf6 2. c4 e6 3. Nc3 Bb4 4. Qc2 0-0 5. a3 Bxc3+ 6. Qxc3 b6 7. Bg5 Bb7 8. f3 d6 9. e3 Nbd7 10. Bd3 c5 11. b4 Rc8 12. Ne2 h6 13. Bh4 d5 14. dxc5 bxc5 15. b5 Qb6 16. a4 e5 17. Bf5 d4 18. Qd2 Rcd8 19. e4 Bc8 20. 0-0 Rde8 21. a5 Qd6 22. Nc3 Bb7 23. Ne2 Nh5 24. Kh1 Kh8 25. Bf2 Ndf6 26. Bh4 Ng8 27. Bf2 g6 28. Bg4 Nhf6 29. Bh3 Rd8 30. Nc1 Kg7 31. Nd3 Nh7 32. Bg3 f6 33. f4 Rfe8 34. Rab1 Bxe4 35. Rbe1 Bxd3 36. Qxd3 exf4 37. Bxf4 Qxf4 38. Rxf4 Rxe1+ 39. Rf1 Rde8 40. g3 R8e3 41. Qd2 R1e2 42. Qd1 Ng5 43. Bg2 d3 44. b6 axb6 45. axb6 Rb2 46. h4 Ne6 47. b7 Nd4 48. Re1 Ree2 49. Rg1 f5 50. h5 Nf6 51. Qa1 Ng4 52. Qa7 Nf2+ 53. Kh2 Nf3+ 54. Bxf3 Ng4+ 55. Kh3 Rh2# 0-1

[Event "Singapore Masters 4th"]
[Site "Singapore"]
[Date "2007.12.17"]
[Round "2"]
[White "Wang, Li"]
[Black "Wu, Shaobin"]
[Result "1-0"]
[WhiteElo "2306"]
[BlackElo "2449"]
[PlyCount "79"]
[EventDate "2007.12.17"]
[EventType "swiss"]
[EventRounds "9"]
[EventCountry "SIN"]
[SourceTitle "CBM 121 Extra"]
[Source "ChessBase"]
[SourceDate "2008.01.10"]
[SourceVersion "1"]
[SourceVersionDate "2008.01.10"]
[SourceQuality "1"]

1. g3 Nf6 2. Bg2 d5 3. Nf3 c6 4. b3 g6 5. Bb2 Bg7 6. 0-0 0-0 7. c4 Re8 8. d4 Bf5 9. Nbd2 Ne4 10. Nh4 Nxd2 11. Qxd2 Be6 12. Rac1 Nd7 13. Nf3 h6 14. Rfd1 a5 15. Ne1 Nb6 16. cxd5 cxd5 17. Nd3 Bd7 18. Bc3 a4 19. Nc5 axb3 20. axb3 Bc8 21. e3 e6 22. Ba5 Qd6 23. Bf1 Nd7 24. Na4 e5 25. Bc7 Qa3 26. Qc3 exd4 27. exd4 Re6 28. Bb5 Qe7 29. Re1 Kh7 30. Rxe6 Qxe6 31. Qe3 Qg4 32. Qe7 Nf6 33. Be5 Qf3 34. Qxf7 Bh3 35. Bf1 Rf8 36. Qxb7 Bxf1 37. Rxf1 h5 38. Nc5 Re8 39. h4 g5 40. hxg5 1-0

[Event "Singapore Masters 4th"]
[Site "Singapore"]
[Date "2007.12.17"]
[Round "1"]
[White "Wu, Shaobin"]
[Black "Andador, Rolando"]
[Result "1-0"]
[WhiteElo "2449"]
[BlackElo "2199"]
[PlyCount "133"]
[EventDate "2007.12.17"]
[EventType "swiss"]
[EventRounds "9"]
[EventCountry "SIN"]
[SourceTitle "CBM 121 Extra"]
[Source "ChessBase"]
[SourceDate "2008.01.10"]
[SourceVersion "1"]
[SourceVersionDate "2008.01.10"]
[SourceQuality "1"]

1. d4 d5 2. c4 c6 3. Nf3 Nf6 4. e3 Bf5 5. Nc3 e6 6. Nh4 Bg4 7. Qb3 Qb6 8. h3 Bh5 9. g4 Bg6 10. Nxg6 hxg6 11. Bg2 Bd6 12. c5 Qxb3 13. axb3 Bc7 14. b4 b5 15. cxb6 Bxb6 16. Bd2 Nbd7 17. g5 Ng8 18. Na4 Ne7 19. Ke2 0-0 20. h4 Rfb8 21. Bc3 Bd8 22. Nc5 Nb6 23. Bh3 Nc4 24. Ra2 Nc8 25. f3 N8d6 26. b3 Nb5 27. Be1 Ncd6 28. Kd3 Bb6 29. Bg4 Bxc5 30. bxc5 Nf5 31. Bf2 Rb7 32. Kc2 Rab8 33. Rb1 Kf8 34. Ra6 Ke7 35. Ra4 Kd7 36. e4 Ne7 37. Bh3 Ke8 38. Bf1 Rd7 39. Rba1 Nc8 40. Bg3 Rbb7 41. Be5 f6 42. gxf6 gxf6 43. Bxf6 Rf7 44. e5 Ne7 45. Bxb5 cxb5 46. Rxa7 Rxa7 47. Rxa7 Nc6 48. Ra8+ Kd7 49. Kd3 b4 50. Rg8 Na5 51. Rb8 Nc6 52. Rg8 Na5 53. Rd8+ Kc7 54. Rd6 Nxb3 55. Rb6 Na5 56. Rxb4 Rf8 57. Ra4 Nc6 58. Ke3 Rb8 59. Kf4 Rb3 60. Kg5 Rxf3 61. Kxg6 Kd7 62. Bg5 Rd3 63. h5 Rg3 64. h6 Ne7+ 65. Kh5 Nf5 66. h7 Rh3+ 67. Kg6 1-0

[Event "Asian Indoor Games 2nd"]
[Site "Macau"]
[Date "2007.10.28"]
[Round "1"]
[White "Wu, Shaobin"]
[Black "Le, Quang Liem"]
[Result "0-1"]
[WhiteElo "2449"]
[BlackElo "2534"]
[PlyCount "136"]
[EventDate "2007.10.28"]
[EventType "team"]
[EventRounds "6"]
[EventCountry "CHN"]
[SourceTitle "EXT 2008"]
[Source "ChessBase"]
[SourceDate "2007.11.25"]
[SourceVersion "1"]
[SourceVersionDate "2007.11.25"]
[SourceQuality "1"]

1. d4 Nf6 2. c4 e6 3. Nf3 b6 4. g3 Ba6 5. b3 Bb4+ 6. Bd2 Be7 7. Bg2 d5 8. cxd5 exd5 9. 0-0 Nbd7 10. Nc3 Bb7 11. Rc1 0-0 12. Bf4 c6 13. Qc2 Re8 14. Qb2 a5 15. Ne5 Nxe5 16. Bxe5 Bb4 17. Bxf6 Qxf6 18. e3 Qe7 19. Qc2 Rad8 20. Na4 Ba3 21. Rb1 Qc7 22. Rfd1 Rd6 23. e4 dxe4 24. Bxe4 g6 25. d5 Rc8 26. dxc6 Bxc6 27. Rxd6 Bxd6 28. Qxc6 Qxc6 29. Bxc6 Rxc6 30. Rd1 Bb4 31. Rd5 h5 32. Rb5 Rc2 33. Kf1 Rxa2 34. Nxb6 Ra1+ 35. Kg2 Be1 36. Nc4 Kg7 37. Re5 Bb4 38. h4 Kf6 39. Rb5 Ra2 40. Kf1 Ke6 41. Re5+ Kd7 42. Rd5+ Kc6 43. Rd3 f6 44. Rf3 Be7 45. Re3 Bc5 46. Re6+ Kd5 47. Rxf6 a4 48. Nb6+ Bxb6 49. Rxb6 Kc5 50. Rb8 a3 51. b4+ Kc4 52. b5 Rb2 53. Ra8 a2 54. Kg2 Kxb5 55. Rb8+ Kc4 56. Rxb2 a1Q 57. Re2 Qd1 58. Re3 Kd4 59. Re7 Qc2 60. Rd7+ Ke5 61. Re7+ Kf6 62. Re3 Qc6+ 63. Kh2 Kf5 64. Re7 Qc5 65. Rf7+ Ke5 66. Rf4 Kd6 67. Kg2 Qc6+ 68. Kf1 Qh1+ 0-1

[Event "Singapore Masters 3rd"]
[Site "Singapore"]
[Date "2006.12.28"]
[Round "6"]
[White "Gomez, John Paul"]
[Black "Wu, Shaobin"]
[Result "1-0"]
[WhiteElo "2387"]
[BlackElo "2475"]
[PlyCount "89"]
[EventDate "2006.12.26"]
[EventType "swiss"]
[EventRounds "9"]
[EventCountry "SIN"]
[SourceTitle "CBM 116 Extra"]
[Source "ChessBase"]
[SourceDate "2007.03.07"]
[SourceVersion "1"]
[SourceVersionDate "2007.03.07"]
[SourceQuality "1"]

1. e4 c6 2. d4 d5 3. Nc3 dxe4 4. Nxe4 Bf5 5. Ng3 Bg6 6. h4 h6 7. Nf3 Nd7 8. h5 Bh7 9. Bd3 Bxd3 10. Qxd3 e6 11. Bd2 Ngf6 12. 0-0-0 Qc7 13. Ne4 0-0-0 14. g3 Nxe4 15. Qxe4 Nf6 16. Qe2 Bd6 17. c4 c5 18. Bc3 cxd4 19. Nxd4 Qc5 20. Kb1 Rd7 21. f4 Rhd8 22. b4 Qb6 23. Nb5 Bb8 24. Rxd7 Rxd7 25. c5 Qc6 26. Rc1 Kd8 27. Be5 Bxe5 28. fxe5 Qe4+ 29. Qxe4 Nxe4 30. Nxa7 Nxg3 31. b5 Nxh5 32. b6 Nf4 33. c6 bxc6 34. Rxc6 Rb7 35. a4 h5 36. a5 Nd5 37. Rd6+ Ke8 38. Nc6 f6 39. Rd8+ Kf7 40. Rxd5 exd5 41. Nd8+ Ke7 42. Nxb7 h4 43. Nc5 h3 44. Nd3 h2 45. Nf2 1-0

[Event "Singapore Masters 3rd"]
[Site "Singapore"]
[Date "2006.12.28"]
[Round "5"]
[White "Toh, Terry"]
[Black "Wu, Shaobin"]
[Result "1-0"]
[WhiteElo "2410"]
[BlackElo "2475"]
[PlyCount "121"]
[EventDate "2006.12.26"]
[EventType "swiss"]
[EventRounds "9"]
[EventCountry "SIN"]
[SourceTitle "CBM 116 Extra"]
[Source "ChessBase"]
[SourceDate "2007.03.07"]
[SourceVersion "1"]
[SourceVersionDate "2007.03.07"]
[SourceQuality "1"]

1. c4 c6 2. d4 d5 3. e3 Nf6 4. Nc3 a6 5. Bd3 e6 6. Nf3 dxc4 7. Bxc4 c5 8. 0-0 b5 9. Bb3 Bb7 10. Qe2 Nbd7 11. Rd1 Qc7 12. e4 cxd4 13. Nxd4 b4 14. Nd5 exd5 15. exd5+ Qe5 16. Qxe5+ Nxe5 17. Re1 Bd6 18. Nf3 0-0 19. Nxe5 Rfe8 20. Nd3 Rxe1+ 21. Nxe1 Bxd5 22. Nd3 a5 23. Bg5 a4 24. Bxd5 Nxd5 25. Kf1 a3 26. b3 f6 27. Bd2 Rc8 28. Rc1 Rxc1+ 29. Nxc1 Kf7 30. Ke2 Ke6 31. Kd3 Kd7 32. Kc4 Kc6 33. Nd3 Nb6+ 34. Kd4 Kb5 35. Bf4 Nc8 36. Kd5 Bxf4 37. Nxf4 Ne7+ 38. Ke4 Nc6 39. Ne6 Na5 40. Kd5 Kb6 41. Nd4 h5 42. f4 h4 43. f5 Nb7 44. Kc4 Ka5 45. Nc6+ Kb6 46. Nxb4 Nd6+ 47. Kd5 Nxf5 48. Nc2 Nh6 49. Nxa3 Ng4 50. Nc4+ Kb5 51. h3 Nf2 52. Nd6+ Kb4 53. Ne8 Nd1 54. Nxg7 Ne3+ 55. Ke4 Nxg2 56. Nf5 Ka3 57. Nd4 Ne1 58. Ke3 Ng2+ 59. Kf3 Ne1+ 60. Ke2 Ng2 61. Ne6 1-0

[Event "Singapore Masters 3rd"]
[Site "Singapore"]
[Date "2006.12.27"]
[Round "4"]
[White "Wu, Shaobin"]
[Black "Chiong Zacarias, Romero Luis"]
[Result "1-0"]
[WhiteElo "2475"]
[BlackElo "2364"]
[PlyCount "99"]
[EventDate "2006.12.26"]
[EventType "swiss"]
[EventRounds "9"]
[EventCountry "SIN"]
[SourceTitle "CBM 116 Extra"]
[Source "ChessBase"]
[SourceDate "2007.03.07"]
[SourceVersion "1"]
[SourceVersionDate "2007.03.07"]
[SourceQuality "1"]

1. d4 Nf6 2. c4 g6 3. Nc3 Bg7 4. e4 d6 5. Nf3 0-0 6. Be2 e5 7. Be3 Nbd7 8. 0-0 Re8 9. d5 Ng4 10. Bg5 f6 11. Bh4 Nh6 12. Nd2 Nf7 13. f3 Bh6 14. Qc2 a5 15. b3 Rf8 16. a3 Bg5 17. Bf2 f5 18. b4 Nf6 19. c5 Nh5 20. Nc4 axb4 21. axb4 Rxa1 22. Rxa1 fxe4 23. fxe4 Nf4 24. Bf1 Bh6 25. cxd6 cxd6 26. Nb5 Qg5 27. Kh1 Qf6 28. Nb6 Bg4 29. Bg1 Nh5 30. Be2 Qh4 31. Ra3 Ng5 32. Bxg4 Qxg4 33. Nxd6 Qh4 34. Qe2 Rf6 35. Nbc8 Bf8 36. Ne8 Ra6 37. Bf2 Qf4 38. Rxa6 bxa6 39. Ncd6 Qc1+ 40. Bg1 Qc3 41. Nc4 Qxb4 42. d6 Qb5 43. Nc7 Qc6 44. Qa2 Kg7 45. Nxe5 Qxe4 46. d7 Be7 47. Ne6+ Nxe6 48. Qxe6 Qh4 49. Qf7+ Kh6 50. Be3+ 1-0

[Event "Kuala Lumpur op 2nd"]
[Site "Kuala Lumpur"]
[Date "2005.08.22"]
[Round "5"]
[White "Vijayalakshmi, Subbaraman"]
[Black "Wu, Shaobin"]
[Result "0-1"]
[WhiteElo "2414"]
[BlackElo "2510"]
[PlyCount "136"]
[EventDate "2005.08.20"]
[EventType "swiss"]
[EventRounds "11"]
[EventCountry "MAS"]
[SourceTitle "CBM 108 Extra"]
[Source "ChessBase"]
[SourceDate "2005.11.04"]
[SourceVersion "1"]
[SourceVersionDate "2005.11.04"]
[SourceQuality "1"]

1. d4 d5 2. Nf3 Nf6 3. c4 c6 4. Nc3 dxc4 5. a4 Bf5 6. e3 e6 7. Bxc4 Bb4 8. 0-0 Nbd7 9. Qe2 Bg6 10. e4 0-0 11. e5 Nd5 12. Nxd5 cxd5 13. Bd3 Qb6 14. Be3 Rac8 15. Ng5 Be7 16. Bxg6 hxg6 17. Qg4 Rc2 18. a5 Qa6 19. b3 Rfc8 20. Qh4 Nf8 21. Qf4 f6 22. Nf3 Qb5 23. exf6 gxf6 24. Qg3 R2c3 25. Bh6 Qd3 26. Rae1 Qf5 27. Re3 Rc1 28. Ree1 Rxe1 29. Rxe1 Kf7 30. Nh4 Qh5 31. Bxf8 Bxf8 32. Qe3 Rc6 33. Nf3 Qf5 34. h3 g5 35. Rc1 Rc2 36. Ne1 Rxc1 37. Qxc1 Qe4 38. Qc7+ Be7 39. Qc3 Qe2 40. g4 Bd6 41. Nf3 Ke7 42. Kg2 Kd7 43. Qc1 Qd3 44. Qb2 a6 45. Qa2 Ke7 46. Qb2 Bb4 47. Qc1 Kd7 48. Qb2 Bxa5 49. Qa3 Bd8 50. Qa4+ Kc7 51. Qb4 Qc2 52. Qf8 Qc6 53. h4 gxh4 54. Nxh4 Qd6 55. Qf7+ Qd7 56. Qg6 Kb6 57. Nf3 a5 58. Ne1 Ka6 59. Nd3 b6 60. Nf4 Qd6 61. Nh5 Qe7 62. Qg8 b5 63. Nf4 Bc7 64. Nxe6 Bd6 65. Qa8+ Kb6 66. Qxd5 Qb7 67. Qxb7+ Kxb7 68. f4 Kc6 0-1

[Event "CHN-chT final-A 1st"]
[Site "China"]
[Date "2005.08.11"]
[Round "1"]
[White "Zhang, Zhong"]
[Black "Wu, Shaobin"]
[Result "1/2-1/2"]
[WhiteElo "2608"]
[BlackElo "2510"]
[PlyCount "165"]
[EventDate "2005.11.??"]
[EventType "team-tourn"]
[EventRounds "5"]
[EventCountry "CHN"]
[SourceTitle "EXT 2017"]
[Source "ChessBase"]
[SourceDate "2016.10.25"]
[SourceVersion "1"]
[SourceVersionDate "2016.10.25"]
[SourceQuality "1"]

1. e4 e5 2. Nf3 Nc6 3. Bb5 a6 4. Ba4 Nf6 5. 0-0 Be7 6. Re1 b5 7. Bb3 d6 8. c3 0-0 9. h3 Na5 10. Bc2 c5 11. d4 Qc7 12. Nbd2 cxd4 13. cxd4 Nc6 14. Nb3 a5 15. Be3 a4 16. Nbd2 Bd7 17. a3 Rfe8 18. Rc1 Qb7 19. Qe2 h6 20. Bb1 Rac8 21. Bd3 Rb8 22. Kh2 exd4 23. Nxd4 Ne5 24. Bb1 Bf8 25. f3 b4 26. f4 Ng6 27. Qf3 bxa3 28. bxa3 Rbc8 29. Bd3 Rxc1 30. Rxc1 Rc8 31. Rb1 Qc7 32. Nc4 Rb8 33. Rc1 Qb7 34. Na5 Qa8 35. Nac6 Re8 36. Bd2 Ne7 37. Nb4 d5 38. e5 Ne4 39. Be1 Nf5 40. Nxf5 Bxf5 41. Bb5 Rd8 42. Rd1 Bd7 43. Bd3 f5 44. exf6 Nxf6 45. Bc3 d4 46. Qxa8 Rxa8 47. Bc4+ Kh8 48. Bxd4 Be8 49. Be5 h5 50. f5 Kh7 51. Kg3 Be7 52. Be6 Ra5 53. Kf4 h4 54. Bd6 Bd8 55. Nd5 Nxd5+ 56. Rxd5 Bc6 57. Rd2 Bf6 58. Bf7 Rb5 59. Bg6+ Kg8 60. Rc2 Rb6 61. Bc7 Ra6 62. Be5 Be7 63. Rc3 Rb6 64. Kg4 Kf8 65. Bd4 Ra6 66. Bc5 Bxc5 67. Rxc5 Bxg2 68. Re5 Ra8 69. Kxh4 Rd8 70. Re3 Bc6 71. Kg5 Rd1 72. Rc3 Bd7 73. h4 Rb1 74. Rd3 Ke7 75. Re3+ Kf8 76. h5 Rb3 77. Re4 Rg3+ 78. Kf4 Rxa3 79. h6 gxh6 80. f6 Ra1 81. Re7 Rf1+ 82. Ke5 Re1+ 83. Kf4 1/2-1/2